000 00578nam a22001577a 4500
003 OSt
005 20150925155100.0
008 150925b xxu||||| |||| 00| 0 eng d
040 _cRAU
082 _aAGR KHE 2011 B049 Or.1
100 _91345
_aKHEM, BORIN.
245 _aRice cropping systemin tramak district, takeo province ប្រព័ន្ធដាំដុះដំណាំស្រូូវក្នុងស្រុកត្រាំកក់ ខេត្តតាកែវ
260 _aPhnom Penh
_bRUA
_c2011
300 _aXI, 63p.
_bill.
_c29cm.
942 _2ddc
_cAGR
999 _c1264
_d1264